000 00357nam a2200145Ia 4500
008 230312s9999||||xx |||||||||||||| ||und||
020 _a0-9872656-0-9
082 _a728.37
_bTAK-H
100 _aTakle;Gary
245 0 _aHouses designed for families
260 _bThink
_achina
_c2012
300 _a288
650 _aArchitecture
_vArchitecture
942 _cBK
999 _c12728
_d12728